| 000 -Encabezamiento | |
|---|---|
| fixed length control field | 01154nam a2200229 a 4500 |
| 005 - Fecha de Ultima Modificación | |
| control field | 20190527013537.0 |
| 040 ## - Origen de la Catalogación | |
| Agencia/entidad que catalogó originalmente la obra | CDMB |
| 041 ## - Código de Idioma | |
| Código de Idioma para texto o pista de sonido o título separado | ES |
| 043 ## - Código de Área Geográfica | |
| Código de área geográfica | CO |
| 090 ## - Clasificación | |
| Clasificación | 04162 |
| 110 ## - Autor Corporativo | |
| Nombre de la institución, jurisdicción como entrada principal | CORPORACION AUTONOMA REGIONAL DE LA CUENCAS DE LOS RIOS NEGRO Y NARE |
| 245 ## - Título propiamente dicho | |
| Título | PLAN DE MANEJO DEL PARAMO DE SONSON, ARGELIA Y NARIÑO |
| 260 ## - Publicación, Distribución, etc. (Pie de Imprenta) | |
| Lugar de publicación, distribución, etc. | ANTIOQUIA |
| Nombre de la editorial, distribuidor, etc. | CORNARE |
| Fecha de publicación, distribución, etc. | 1994 |
| 300 ## - Descripción Física | |
| Extensión | Pag ; 180 ; cuadros y figuras |
| 520 ## - Resumen, etc. | |
| Nota de resumen, etc. | La zona del Páramo de Sonsón posee recursos hídricos y bosques naturales de piso montano, con vegetación típica de páramo(frailejón), de enorme importancia para los municipios de la subregión ocho y para todo el sistema hidrográfico del oriente antioqueño. Todos estos recursos se están deteriorando rápida y significativamente por falta de manejo planificado; esto con base en sólidos criterios técnicos, una concertación comunitaria objetiva y de acuerdo con los instrumentos jurídicos del Estado sobre áreas de manejo especial. |
| 650 ## - Entradas Secundarias - Términos temáticos | |
| Tópico o nombre geográfico | PLAN DE MANEJO |
| 651 ## - Entradas Secundarias - Nombre geográficos | |
| Nombre geográfico | PARAMO DE SONSON |
| 651 ## - Entradas Secundarias - Nombre geográficos | |
| Nombre geográfico | ARGELIA |
| 651 ## - Entradas Secundarias - Nombre geográficos | |
| Nombre geográfico | DEPARTAMENTO DE NARIÑO |
| 942 ## - Elementos Agregados (KOHA) | |
| Source of classification or shelving scheme | |
| Koha item type | Libro |
| 945 ## - Inforación de Procesamiento Local (OCLC) | |
| Código del digitador | JBN |
| AAAA-MM-DD - Fecha de ingreso o modificacion | 199-01-07 |
No copies available.
Centro de Documentación Ambiental CDMB | Carrera 23 No. 37-63 Quinto Piso
Tel. 6346100 Ext. 5201 - 5202 | Bucaramanga, Santander - Colombia
Horario de Atención: De Lunes a Viernes, 7:30 a 11:45 a.m. – 2:00 a 5:45 p.m.
www.cdmb.gov.co – ceninf@cdmb.gov.co